000 00766nam a2200253Ia 4500
003 OSt
005 20221006153712.0
006 a|||||r|||| 00| 0
007 ta
008 221006b |||||||| |||| 00| 0 eng d
020 _a0804741492
024 _a33,087
037 _bGift, Japan Foundation
_cAnnuals, Advances
040 _aEASL
_cEASL
_beng
041 _2eng
_aeng
082 _aX:9F.49B, P1
100 _aBrinton Mary C. Ed.
245 0 _aWomen's working lives in East Asia
260 _aStanford
_bStanford University Press
_c2001
300 _axv,377p.
_ccm.
490 _v Oth
_aStudies in social inequality
942 _hX:9F.49B, P1
_cREF
_2CC
999 _c1101173
_d1101173